MARC details
| 000 -LEADER |
| fixed length control field |
00919cam a22002534a 4500 |
| 001 - CONTROL NUMBER |
| control field |
12620861 |
| 005 - DATE AND TIME OF LATEST TRANSACTION |
| control field |
20240723021310.0 |
| 008 - FIXED-LENGTH DATA ELEMENTS--GENERAL INFORMATION |
| fixed length control field |
011214s2002 cau b 001 0 eng |
| 020 ## - INTERNATIONAL STANDARD BOOK NUMBER |
| ISBN |
0520232437 (pbk. : alk. paper) |
| 040 ## - CATALOGING SOURCE (பட்டியலாக்க மூலம்) |
| Original cataloging agency |
DLC |
| Transcribing agency |
DLC |
| Modifying agency |
DLC |
| 082 00 - DDC Classification |
| Class No. |
291.2/37 |
| DDC Edition Number |
21 |
| Item Number - Author Mark |
GAN |
| 100 1# - MAIN ENTRY--PERSONAL NAME |
| Personal name |
Obeyesekere, Gananath. |
| 245 10 - TITLE STATEMENT |
| Title |
Imagining karma : |
| Remainder of title |
ethical transformation in Amerindian, Buddhist, and Greek rebirth / |
| Statement of responsibility, etc. |
Gananath Obeyesekere. |
| 260 ## - PUBLICATION, DISTRIBUTION, ETC. |
| Place of publication, distribution, etc. |
Berkeley : |
| Name of publisher, distributor, etc. |
University of California Press, |
| Date of publication, distribution, etc. |
2002. |
| 300 ## - PHYSICAL DESCRIPTION |
| Extent (e.g. Volumes, Pages etc.) |
xxix, 448 p. ; |
| 650 #0 - SUBJECT ADDED ENTRY--TOPICAL TERM |
| Topical term or geographic name entry element |
Reincarnation |
| 650 #0 - SUBJECT ADDED ENTRY--TOPICAL TERM |
| Topical term or geographic name entry element |
Reincarnation |
| 650 #0 - SUBJECT ADDED ENTRY--TOPICAL TERM |
| Topical term or geographic name entry element |
Religious ethics |
| 856 42 - ELECTRONIC LOCATION AND ACCESS |
| Uniform Resource Identifier |
<a href="http://www.loc.gov/catdir/bios/ucal052/2001008252.html">http://www.loc.gov/catdir/bios/ucal052/2001008252.html</a> |
| 856 41 - ELECTRONIC LOCATION AND ACCESS |
| Uniform Resource Identifier |
<a href="http://www.loc.gov/catdir/toc/ucal041/2001008252.html">http://www.loc.gov/catdir/toc/ucal041/2001008252.html</a> |
| 856 42 - ELECTRONIC LOCATION AND ACCESS |
| Uniform Resource Identifier |
<a href="http://www.loc.gov/catdir/description/ucal042/2001008252.html">http://www.loc.gov/catdir/description/ucal042/2001008252.html</a> |
| 856 42 - ELECTRONIC LOCATION AND ACCESS |
| Uniform Resource Identifier |
<a href="http://www.h-net.org/review/hrev-a0d3b3-aa">http://www.h-net.org/review/hrev-a0d3b3-aa</a> |
| 942 ## - Koha item type (Biblio) |
| Koha item type |
Books in Stacks (Lending) |